00385nam a22000977a 4500003000400000005001700004008004100021040004600062082002100108245015800129OSt20260209152636.0260209b |||||||| |||| 00| 0 eng d cThe Catholic University of Eastern Africa 21sta378.071 MIR aModelling a Catholic University to Meet the 21st Century ChallengesbEssays in Honour of Revd.Prof John C. MaviiricCatholic University of Eastern Africa